[Event "Isla de La Palma Torneo Sub 2050"]
[Site "Isla de La Palma ESP"]
[Date "2005.06.11"]
[Round "9.3"]
[White "Fernandez Garcia, Ignacio"]
[Black "Schmitt, Raul"]
[Result "0-1"]
[WhiteElo "2023"]
[BlackElo "1939"]
[PlyCount "78"]
[EventDate "2005.06.03"]
[EventType "swiss"]
[EventRounds "9"]
[EventCountry "ESP"]
[Source "lmi"]
[SourceDate "2005.06.11"]

1. e4 e6 2. d4 d5 3. Nd2 c5 4. e5 cxd4 5. Ngf3 Nc6 6. Nb3 Qc7 7. Bb5 Bd7 8.
Bxc6 bxc6 9. Nbxd4 c5 10. Ne2 Ne7 11. O-O Ng6 12. Re1 Be7 13. Ng3 O-O 14. Bg5
Bxg5 15. Nxg5 h6 16. Nf3 Rab8 17. b3 d4 18. c3 dxc3 19. Qd3 Bc6 20. Qxc3 Bxf3
21. gxf3 Rfd8 22. Re4 Rd5 23. Rae1 Rbd8 24. R1e3 Rd4 25. a3 Nf4 26. Rxd4 Rxd4
27. Qc2 Qd8 28. Kf1 Qh4 29. Re4 Rd8 30. Ke1 Qg5 31. Kf1 h5 32. Qc1 Rd4 33. Rxd4
cxd4 34. Qd2 Qxe5 35. Ne4 Qb5+ 36. Kg1 e5 37. b4 Qa6 38. Ng5 Qg6 39. h4 Qb1+
0-1

[Event "Isla de La Palma Torneo Sub 2050"]
[Site "Isla de La Palma ESP"]
[Date "2005.06.11"]
[Round "9.8"]
[White "Navarro Coloma, Antonio"]
[Black "Orfali, Marcelo Rafael"]
[Result "1/2-1/2"]
[WhiteElo "1961"]
[BlackElo "2041"]
[PlyCount "127"]
[EventDate "2005.06.03"]
[EventType "swiss"]
[EventRounds "9"]
[EventCountry "ESP"]
[Source "lmi"]
[SourceDate "2005.06.11"]

1. d4 d5 2. Nf3 c6 3. Bf4 Nf6 4. e3 Qb6 5. Qc1 Bf5 6. Nbd2 e6 7. Ne5 Nbd7 8.
Ndf3 c5 9. a4 cxd4 10. exd4 Nxe5 11. Bxe5 a6 12. Nh4 Be4 13. f3 Bg6 14. Nxg6
hxg6 15. c3 Nh5 16. a5 Qd8 17. Qc2 Bd6 18. Bxd6 Qxd6 19. h3 Ng3 20. Rg1 Nf5 21.
Qf2 Ng3 22. Bd3 g5 23. Qc2 Qf4 24. Qd2 Qf6 25. Qe3 Nh5 26. Qe5 Nf4 27. Qxf6
gxf6 28. Kd2 Rc8 29. Ra4 Rc7 30. Rb4 Ke7 31. Bf1 f5 32. Rb6 Ng6 33. Bd3 Nf4 34.
Bf1 Kd7 35. Be2 Ng6 36. Bd1 Ke7 37. Bc2 Nf8 38. Ke1 Nd7 39. Rb4 Kf6 40. Bd1 Nb8
41. Ba4 Rh4 42. Ke2 Re7 43. Kf2 Rc7 44. Rb6 Ke7 45. Rb4 Kd8 46. Rb6 Kc8 47. Rd6
Nc6 48. Bb3 Re7 49. Bxd5 Kc7 50. Rxc6+ bxc6 51. Bc4 c5 52. g3 Rxh3 53. dxc5
Rh2+ 54. Ke3 Rxb2 55. Bxa6 Ra2 56. Rb1 Kc6 57. Kd4 e5+ 58. Kc4 Ra4+ 59. Rb4
Rxa5 60. Rb6+ Kc7 61. Rb7+ Kd8 62. Rb8+ Kd7 63. Rb7+ Kd8 64. Rb8+ 1/2-1/2

[Event "Isla de La Palma Torneo Sub 2050"]
[Site "Isla de La Palma ESP"]
[Date "2005.06.11"]
[Round "9.10"]
[White "Ortiz Perez, Hector"]
[Black "Iglesias Dominguez, Jacinto"]
[Result "1-0"]
[WhiteElo "2017"]
[BlackElo "1934"]
[PlyCount "95"]
[EventDate "2005.06.03"]
[EventType "swiss"]
[EventRounds "9"]
[EventCountry "ESP"]
[Source "lmi"]
[SourceDate "2005.06.11"]

1. e4 c5 2. Nf3 Nc6 3. d4 cxd4 4. Nxd4 e5 5. Nb5 a6 6. Nd6+ Bxd6 7. Qxd6 Qf6 8.
Qd1 Qg6 9. Nc3 Nge7 10. Be3 b5 11. f3 O-O 12. Bc5 Rd8 13. Qd6 Qxd6 14. Bxd6 f5
15. O-O-O Kf7 16. a4 Re8 17. axb5 axb5 18. Bxb5 Ra1+ 19. Kd2 Rxd1+ 20. Rxd1 Nd4
21. Bc4+ Kf6 22. Bxe7+ Kxe7 23. exf5 Nxf5 24. Nd5+ Kf8 25. Nb6 Ke7 26. Bd3 g6
27. Re1 d6 28. f4 Kd8 29. Nc4 Kc7 30. fxe5 d5 31. Nd6 Rf8 32. Nxf5 gxf5 33. Bb5
Be6 34. Re3 Kb6 35. Ba4 Rf7 36. Bb3 Kc5 37. Rh3 Kd4 38. Re3 f4 39. c3+ Kc5 40.
Rf3 Bg4 41. Rf2 h6 42. Bd1 Be6 43. b4+ Kc6 44. Kd3 Bf5+ 45. Kd4 Be6 46. Bf3 Ra7
47. c4 Kc7 48. cxd5 1-0